A Prospect Theory mint kognitív torzítás a controlling riportálási és a döntéshozatali folyamatokban

Bibliográfiai részletek
Szerző: Szabó Tamás
További közreműködők: Gáspár Sándor
Hegedűs Dr. Szilárd
Dokumentumtípus: TDK dolgozat
Kulcsszavak:controlling
Kilátáselmélet
kognitív torzítás
Prospect Theory
viselkedéstudomány
Online Access:http://dolgozattar.uni-bge.hu/60477

MARC

LEADER 00000nta a2200000 i 4500
001 dolg60477
005 20260416073753.0
008 260416suuuu hu o 000 hun d
040 |a BGE Dolgozattár Repozitórium  |b hun 
041 |a hu 
100 1 |a Szabó Tamás 
245 1 2 |a A Prospect Theory mint kognitív torzítás a controlling riportálási és a döntéshozatali folyamatokban  |c Szabó Tamás  |h [elektronikus dokumentum] 
516 |a Students_Scientific_Association_paper 
520 3 |a A kutatás központi kérdése, hogy a Prospect Theory, vagyis a Kilátáselmélet által leírt kognitív torzítások, különösen a referenciapont-függőség, a veszteségkerülés és a keretezési hatás, miként jelennek meg a controlling riportálási és vezetői döntéshozatali folyamatokban. A controlling célja az objektív, adatalapú döntéstámogatás biztosítása, ugyanakkor a gyakorlatban a vezetői döntéseket továbbra is befolyásolják az emberi ítéletalkotás pszichológiai sajátosságai. A kutatás célja annak feltárása, hogy ezek a torzítások milyen formában épülnek be a controlling információk értelmezésébe, és milyen módon alakítják a döntési magatartást. A vizsgálat kvalitatív és kvantitatív elemeket egyaránt tartalmazó, feltáró jellegű kutatás. A módszertan több szinten közelít a jelenséghez: egyrészt döntési helyzeteket modellező kérdőíves felmérések, másrészt a döntési logika mélyebb megértését szolgáló szöveges és tapasztalati adatok elemzése révén. Az adatgyűjtés a controlling területén dolgozó szakemberek és vezetők körében történt, különböző iparági háttérrel és szervezeti mérettel. A válaszok a szakmai tapasztalat, a kockázati attitűd, a profitcélok kijelölése, a költségterv-optimalizálás és a veszteséghatár-megítélés dimenzióit is érintették. Az elemzés során mind a kvalitatív mintázatok tematikus kódolása, mind a kvantitatív adatok statisztikai feldolgozása megvalósult, amely alapján különböző klaszterek rajzolódtak ki. Ezek a klaszterek a döntési preferenciák, a kockázatvállalási hajlandóság és az értelmezési keretek különbözőségeit mutatják. Az eredmények azt mutatják, hogy a Prospect Theory által leírt kognitív torzítások a controlling gyakorlatában is kimutathatók, és érdemben hatnak a vezetői döntéshozatalra. A kutatás hozzájárul a viselkedéstudomány és a controlling közötti kapcsolat elmélyítéséhez, valamint alapot teremt a torzításokat tudatosan kezelő döntéstámogató rendszerek fejlesztéséhez. 
695 |a controlling 
695 |a Kilátáselmélet 
695 |a kognitív torzítás 
695 |a Prospect Theory 
695 |a viselkedéstudomány 
700 1 |a Gáspár Sándor  |e ths 
700 1 |a Hegedűs Dr. Szilárd  |e ths 
856 4 0 |u http://dolgozattar.uni-bge.hu/60477/1/Szab%C3%B3_Tam%C3%A1s_PSZK.pdf  |z Dokumentum-elérés 
856 4 0 |u http://dolgozattar.uni-bge.hu/60477/2/Szab%C3%B3_Tam%C3%A1s_Nyilatkozat.pdf  |z Dokumentum-elérés 
856 4 0 |u http://dolgozattar.uni-bge.hu/60477/3/Szab%C3%B3_Tam%C3%A1s_PSZK.docx  |z Dokumentum-elérés 
856 4 0 |u http://dolgozattar.uni-bge.hu/60477/4/Szab%C3%B3%20Tam%C3%A1s%20b%C3%ADr%C3%A1lata.pdf  |z Dokumentum-elérés 
856 4 0 |u http://dolgozattar.uni-bge.hu/60477/5/Szab%C3%B3%20Tam%C3%A1s_Dolgozat_biralati_lap_2025.pdf  |z Dokumentum-elérés